00679nam a2200205Ia 4500001000700000008004100007035001500048041000800063084001900071110004300090245011300133260002600246300002200272650003200294650002300326650003600349650003400385650002000419710003400439002136221003s1995 xx 000 0 spa d aCENDO_3228 aspa aEM-00021-00028 aINSTITUTO NACIONAL DE EMPLEOcEspaña 0aInforme de autorización para agencia de colocación sin fines lucrativos :bServicio Valenciano de Empleo a[S.l. :bs.n.],c1995 a[2] h. ;c 30 cm aEMPRESA DE TRABAJO TEMPORAL aSERVICIO DE EMPLEO aORGANIZACION SIN FINES DE LUCRO aSERVICIO VALENCIANO DE EMPLEO aPAIS VALENCIANO aSERVICIO VALENCIANO DE EMPLEO